| 000 | 05412 a2200265 4500 | ||
|---|---|---|---|
| 003 | UA-OsUOA | ||
| 005 | 20210423223311.0 | ||
| 008 | 201125b un ||||| m||| 00| 0 ukr d | ||
| 040 |
_aUA-OsUOA _bukr _cUA-OsUOA _dUA-OsUOA |
||
| 041 | _aukr | ||
| 080 | _a343.13 | ||
| 090 | _a343.13 | ||
| 100 | _aОхотіна Ю. В. | ||
| 245 |
_aВиправдання як категорія кримінально-процесуального права України _bдисертація _cОхотіна Юлія Владленівна |
||
| 260 |
_c2012 _aКиїв |
||
| 300 | _a242 с. | ||
| 502 |
_bкандидат юридичних наук
_cНаціональна академія внутрішніх справ _d2012 _o12.00.09 – кримінальний процес та криміналістика; судова експертиза; оперативно-розшукова діяльність |
||
| 505 | _aЗМІСТ ВСТУП....3 РОЗДІЛ 1. ЗАГАЛЬНОТЕОРИТИЧНІ ЗАСАДИ КАТЕГОРІЇ "ВИПРАВДАННЯ" В КРИМІНАЛЬНОМУ ПРОЦЕСІ...12 1.1. Виправдання в історії кримінально-процесуального законодавства України....12 1.2. Сутність і значення виправдання в кримінальному судочинстві України....30 1.3. Правова регламентація виправдання у законодавстві зарубіжних країн...52 Висновки до розділу 1....68 РОЗДІЛ 2. ПІДСТАВИ ВИПРАВДАННЯ ОСОБИ В КРИМІНАЛЬНОМУ ПРОЦЕСІ УКРАЇНИ...74 2.1. Поняття підстав виправдання в кримінальному процесі та їх види...74 2.2. Виправдання особи, коли не встановлено події злочину...92 2.3. Виправдання особи при відсутності в її діянні складу злочину...106 2.4. Виправдання при не доведенні участі особи у вчиненні злочину....124 Висновки до розділу 2....141 РОЗДІЛ 3. РЕАЛІЗАЦІЯ КАТЕГОРІЇ "ВИПРАВДАННЯ" В КРИМІНАЛЬНО-ПРОЦЕСУАЛЬНОМУ ПРАВІ УКРАЇНИ...146 3.1. Порядок постановлення виправдувального вироку у кримінальній справі...146 3.2. Процесуальні наслідки виправдання особи...164 3.3. Удосконалення порядку реалізації виправдання як кримінально-процесуальної категорії в Україні...180 Висновки до розділу 3....191 ВИСНОВКИ....194 ДОДАТКИ....202 СПИСОК ВИКОРИСТАНИХ ДЖЕРЕЛ...216 | ||
| 511 | _aнауковий керівник кандидат юридичних наук, доцент Барабаш Тетяна Миколаївна | ||
| 520 | _aПрагнення України до світової спілки демократичних держав, зумовлює втілення загальновизнаних гуманістичних принципів у національне законодавство та, водночас, викликає необхідність подальшої теоретичної розробки існуючих правових категорій всіх галузей права і створення нормативних механізмів їх реалізації. Розглядаючи провадження по кримінальній справі, як діяльність суду щодо вирішення питання про винуватість чи невинуватість особи, з особливою гостротою постають проблеми теоретичного обґрунтування та реалізації такої правової категорії як "виправдання", що пов'язується із значним колом правовідносин, які спрямовані на дотримання прав і свобод людини, забезпечення відповідальності держави перед особою, незаконно притягнутою до кримінальної відповідальності. В Україні, хоча і обраний євроінтеграційний курс, сучасний стан захисту прав, свобод та інтересів осіб у кримінально-процесуальній сфері піддається критиці, як з боку вітчизняної, так і міжнародної спільноти, про що свідчать науково-теоретичні доробки, рішення Європейського суду з прав людини. | ||
| 650 |
_2UDC _a343 Кримінальне право. Карні порушення |
||
| 942 |
_cBK _2udc |
||
| 955 | _a1 | ||
| 999 |
_c463893 _d463893 |
||